Tendencias recientes de la migración interna en México /

Guardat en:
Dades bibliogràfiques
Autor principal: Pérez-Campuzano, Enrique
Altres autors: Santos-Cerquera, Clemencia
Format: Text
Etiquetes: Afegir etiqueta
Sense etiquetes, Sigues el primer a etiquetar aquest registre!

MARC

LEADER 00000 a a2200000 04500
001 46704
003
040
090 |a REV1520 19(76) 2013  
100 |a Pérez-Campuzano, Enrique  
245 |a Tendencias recientes de la migración interna en México /  |c Enrique Pérez-Campuzano, Clemencia Santos-Cerquera  
700 |a Santos-Cerquera, Clemencia  
773 |g volumen19, número76, (2013), páginas 53-88 : tablas, mapas  
999 |c 36309  |d 36309